La esencia y la apariencia en la novela El hombre mal vestido de Guillermo Fadanelli : (رقم التسجيلة. 178713)

تفاصيل مارك
000 -LEADER
fixed length control field 03853namaa22004211i 4500
003 - CONTROL NUMBER IDENTIFIER
control field EG-GICUC
005 - أخر تعامل مع التسجيلة
control field 20260310104337.0
008 - FIXED-LENGTH DATA ELEMENTS--GENERAL INFORMATION
fixed length control field 260224s2025 ua a|||frm||| 000 0 eng d
040 ## - CATALOGING SOURCE
Original cataloguing agency EG-GICUC
Language of cataloging eng
Transcribing agency EG-GICUC
Modifying agency EG-GICUC
Description conventions rda
041 0# - LANGUAGE CODE
Language code of text/sound track or separate title spa
Language code of summary or abstract spa
-- ara
049 ## - Acquisition Source
Acquisition Source Deposit
082 04 - DEWEY DECIMAL CLASSIFICATION NUMBER
Classification number 463.21
092 ## - LOCALLY ASSIGNED DEWEY CALL NUMBER (OCLC)
Classification number 463.21
Edition number 21
097 ## - Degree
Degree M.A
099 ## - LOCAL FREE-TEXT CALL NUMBER (OCLC)
Local Call Number Cai01.02.16.M.A.2025.Am.E
100 0# - MAIN ENTRY--PERSONAL NAME
Authority record control number or standard number Aml Ali Mahmoud Khalil Abd El Ghaffar,
Preparation preparation.
245 13 - TITLE STATEMENT
Title La esencia y la apariencia en la novela El hombre mal vestido de Guillermo Fadanelli :
Remainder of title Estudio Crítico /
Statement of responsibility, etc. by Aml Ali Mahmoud Khalil Abd El Ghaffar ; Directora Profa Dra. Rasha Mohamed Abboudy.
246 15 - VARYING FORM OF TITLE
Title proper/short title الجوهر و المظهر في رواية الرجل رديء الملبس لجييرمو فادانيلي :
Remainder of title دراسة نقدية
264 #0 - PRODUCTION, PUBLICATION, DISTRIBUTION, MANUFACTURE, AND COPYRIGHT NOTICE
Date of production, publication, distribution, manufacture, or copyright notice 2023.
300 ## - PHYSICAL DESCRIPTION
Extent 137 Leaves :
Other physical details illustrations ;
Dimensions 25 cm. +
Accompanying material CD.
336 ## - CONTENT TYPE
Content type term text
Source rda content
337 ## - MEDIA TYPE
Media type term Unmediated
Source rdamedia
338 ## - CARRIER TYPE
Carrier type term volume
Source rdacarrier
502 ## - DISSERTATION NOTE
Dissertation note Thesis (M.A)-Cairo University, 2025.
504 ## - BIBLIOGRAPHY, ETC. NOTE
Bibliography, etc. note Bibliography: pages 125-137.
520 #3 - SUMMARY, ETC.
Summary, etc. El presente estudio tiene como objetivo principal analizar la esencia y la <br/>apariencia del protagonista de la novela El hombre mal vestido (2020) del escritor <br/>mexicano Guillermo Fadanelli. Los sucesos tienen lugar en el barrio de Tacubaya, <br/>en México. El protagonista, Esteban Arévalo, es un hombre mal vestido, desaliñado <br/>y con apariencia de pordiosero. Por todo ello, es sospechoso de haber cometido al <br/>menos ocho asesinatos. En este estudio, intentaremos distinguir entre la esencia y la <br/>apariencia, subrayando sus connotaciones. También analizaremos el prejuicio hacia <br/>los demás, haciendo hincapié en ideas recurrentes como el miedo a la diferencia, las <br/>formas de la intolerancia y el materialismo que rige hoy en día. A lo largo del estudio <br/>acudiremos a las diferentes teorías literarias y las del psicoanálisis humanista para <br/>descifrar la visión final del autor.
520 #3 - SUMMARY, ETC.
Summary, etc. تهدف هذه الدراسة إلي تحليل جوهر و مظهر بطل رواية الرجل رديء الملبس (2020) للكاتب المكسيكي غييرمو فادانيللي. تدور الأحداث في حي تاكوبايا في المكسيك. البطل، إستيبان أريفالو، هو رجل يرتدي ملابس سيئة، مهمل و له مظهر يشبه المتشردين. و لهذه الأسباب يُشتبه في أنه ارتكب ما لا يقل عن ثمانية جرائم قتل. في هذه الدراسة، سنحاول التمييز بين الجوهر و المظهر مع تسليط الضوء علي دلالاتهما. كما سنحلل الحكم المسبق علي الآخرين مع التركيز علي أفكار متكررة مثل الخوف من الاختلاف و أشكال التعصب و المادية التي تحكمنا في الوقت الحالي. على امتداد هذا البحث سنستعين بمختلف النظريات الأدبية ونظريات التحليل النفسي الإنساني لفكّ شفرة الرؤية النهائية للمؤلف.
530 ## - ADDITIONAL PHYSICAL FORM AVAILABLE NOTE
Issues CD Issues also as CD.
546 ## - LANGUAGE NOTE
Text Language Text in English and abstract in Arabic & English.
650 #0 - SUBJECT ADDED ENTRY--TOPICAL TERM
Topical term or geographic name entry element Spanish language
650 #0 - SUBJECT ADDED ENTRY--TOPICAL TERM
Topical term or geographic name entry element اللغة الإسبانية
653 #1 - INDEX TERM--UNCONTROLLED
Uncontrolled term Guillermo Fadanelli
-- Esencia
-- Apariencia
-- El hombre mal vestido
-- Literatura mexicana contemporánea
-- جييرمو فادانيللي
-- الجوهر
700 0# - ADDED ENTRY--PERSONAL NAME
Personal name Rasha Mohamed Abboudy
Relator term thesis advisor.
900 ## - Thesis Information
Grant date 01-01-2025
Supervisory body Rasha Mohamed Abboudy
Universities Cairo University
Faculties Faculty of Arts
Department Department of Hispanic Language and Literature
905 ## - Cataloger and Reviser Names
Cataloger Name Shimaa
Reviser Names Eman Ghareb
942 ## - ADDED ENTRY ELEMENTS (KOHA)
Source of classification or shelving scheme Dewey Decimal Classification
Koha item type Thesis
Edition 21
Suppress in OPAC No
المقتنيات
Source of classification or shelving scheme Home library Current library Date acquired Inventory number Full call number Barcode Date last seen Effective from Koha item type
Dewey Decimal Classification المكتبة المركزبة الجديدة - جامعة القاهرة قاعة الرسائل الجامعية - الدور الاول 24.02.2026 93453 Cai01.02.16.M.A.2025.Am.E 01010110093453000 24.02.2026 24.02.2026 Thesis
Cairo University Libraries Portal Implemented & Customized by: Eng. M. Mohamady Contacts: new-lib@cl.cu.edu.eg | cnul@cl.cu.edu.eg
CUCL logo CNUL logo
© All rights reserved — Cairo University Libraries
CUCL logo
Implemented & Customized by: Eng. M. Mohamady Contact: new-lib@cl.cu.edu.eg © All rights reserved — New Central Library
CNUL logo
Implemented & Customized by: Eng. M. Mohamady Contact: cnul@cl.cu.edu.eg © All rights reserved — Cairo National University Library